| 000 | 02045cam a22005054i 4500 | ||
|---|---|---|---|
| 003 | PE-LiUPU | ||
| 005 | 20250731165455.0 | ||
| 008 | 150623s r 000 0 d | ||
| 020 | _a185075571X | ||
| 035 | _a(Sirsi) i9781850755715 | ||
| 040 |
_aPE-LiUPU _bspa _cPE-LiUPU _erda |
||
| 049 | _aPRUA | ||
| 082 | 0 | 4 |
_a221.07 _bJ _221 |
| 100 | 1 |
_aMüller, Mogens, _eautor. |
|
| 245 | 1 | 4 |
_aThe first Bible of the church : _ba plea for the septuagint / _cMogens Müller. |
| 264 | 1 |
_aMidsomer Norton, Bath, Great Britain : _bSheffield Academic Press, _c1996. |
|
| 300 |
_a163 páginas ; _c24 centímetros |
||
| 336 |
_atext _2rdacontent |
||
| 337 |
_aunmediated _2rdamedia |
||
| 338 |
_avolume _2rdacarrier |
||
| 490 | 0 |
_aJournal for the study of the O.T. Supplement Series, 206. Copenhagen International Seminar ; _v1 |
|
| 504 | _aBibliografía: p. 145-155. | ||
| 505 | 0 | _aIntroduction. -The Jewish Bible at the time of the New Testament. -Jewish dependence of the Greek translation of the law. -The reception of the septuagint legend into the church up to and including Augustine. -Hebraica sive Graeca veritas?. -Vetus testamentum in Novo receptum. | |
| 526 | _aSEG44 | ||
| 526 | _aSEG26 | ||
| 526 | _aP151 | ||
| 526 | _aP150 | ||
| 526 | _aP149 | ||
| 526 | _aP146 | ||
| 526 | _aP145 | ||
| 526 | _aP126 | ||
| 526 | _aP125 | ||
| 526 | _aP92 | ||
| 526 | _aP75 | ||
| 526 | _aP74 | ||
| 526 | _aP27 | ||
| 526 | _aP15 | ||
| 630 |
_aBiblia. _pA.T. _lGriego. _sSetenta. |
||
| 942 |
_2ddc _cBOOK |
||
| 949 |
_aRC 221.07 J 206 _wDEWEY _c1 _i45034 _lCCODEBUL1 _mBUL _r0 _sY _tBOOK _u2015-6-24 _xTEOLOGIA _PP35 _0COMPRA _o.CIRCNOTE. No olvidar cambiar la fecha de devolución!!!!!!! _o.STAFF. Colección General |
||
| 994 |
_aC0 _bPEPRU |
||
| 596 | _a1 | ||
| 999 |
_aRC 221.07 J 206 _wDEWEY _c21915 _i45034 _f2021-11-8 _g6 _lCCODEBUL1 _mBUL _r1 _sY _tBOOK _u2015-6-24 _xTEOLOGIA _PP35 _0COMPRA _o.CIRCNOTE. No olvidar cambiar la fecha de devolución!!!!!!! _o.STAFF. Colección General _d21915 |
||
| 980 |
_81 _gALBERTO SANCHEZ Responsable de Automatización |
||